INTERNAL OXIDATION IN STEEL SHEETS PRODUCTION SURFACE DEFECTS METALLOGRAPHIC ANALYZES

Bibliographic Details
Main Authors: Leško, A. (Author), Matisová, D. (Author), Dries, G. (Author), Hrabčáková, L. (Author), Simko, M. (Author)
Format: Article
Language:English

MARC

LEADER 00000nab a2200000uu 4500
001 vtls011480697
003 SK-MaSNL
005 20260303160031.0
008 230222|2004 xo |||||||||||||||||eng|
015 |a SNBRB 
035 |a (urnnbn)urn:nbn:sk:snk:ar-005d84 
035 |a (uuid)58e2a581-f583-4bb5-8007-322a2284c508 
035 |a urn:nbn:sk:snk-abd86r 
040 |a SNKBUCL  |b slo  |c SNKBUCL  |e AACR2 
041 0 |a eng 
044 |a xo  |c SK 
100 1 |a Leško, A.  |4 aut  |9 812913 
245 1 0 |a INTERNAL OXIDATION IN STEEL SHEETS PRODUCTION SURFACE DEFECTS METALLOGRAPHIC ANALYZES  |c D. Matisová, G. Dries, L. Hrabčáková, M. Simko, A. Leško 
246 3 |a INTERNÁ OXIDÁCIA V METALOGRAFICKÝCH ANALÝZACH POVRCHOVÝCH DEFEKTOV OCEĽOVÝCH PLECHOV 
700 1 |a Matisová, D.  |4 aut  |9 812912 
700 1 |a Dries, G.  |4 aut  |9 1180305 
700 1 |a Hrabčáková, L.  |4 aut  |9 775815 
700 1 |a Simko, M.  |4 aut  |9 271914 
773 0 |t Acta Metallurgica Slovaca : časopis Hutníckej fakulty Technickej univerzity Košice  |g Roč. 10, č. 1 (2004), s. 418-421 
958 |a OND 
958 |a EUIPO 
958 |a article18 
999 |c 2043945  |d 2045875